| 000 | 00697nam a2200205 u 4500 | ||
|---|---|---|---|
| 005 | 20210223130737.0 | ||
| 008 | 081021s1996 cl r 000 0 spa d | ||
| 020 | _a9583002798 | ||
| 035 | _aUPN01000163974 | ||
| 049 | _aI | ||
| 050 | 4 |
_aPQ8180.28 O7 _bA6.7 |
|
| 100 | 1 |
_aRosero Diago, Evelio José, _d1958- _930873 |
|
| 245 | 1 | 3 |
_aEl aprendiz de mago y otros cuentos de miedo / _cEvelio José Rosero ; il. Rocio Parra Parra. |
| 260 |
_aSanta Fé de Bogotá : _bPanamericana, _c1996. |
||
| 300 |
_a166 p. : _bil. algunas col. |
||
| 440 | 0 | _aLiteratura juvenil | |
| 650 | 4 |
_aCUENTOS DE TERROR - _vLITERATURA JUVENIL _96755 |
|
| 650 | 4 |
_aLITERATURA INFANTIL COLOMBIANA _911063 |
|
| 905 | _aInfantil | ||
| 999 |
_c136087 _d136087 |
||